书目信息 |
| 题名: |
中国信心
|
|
| 作者: | 任仲文 编 | |
| 分册: | ||
| 出版信息: | 北京 人民日报出版社 2020.03 |
|
| 页数: | 239页 | |
| 开本: | 20cm | |
| 丛书名: | ||
| 单 册: | ||
| 中图分类: | D602-53 | |
| 科图分类: | ||
| 主题词: | 政治--中国 | |
| 电子资源: | ||
| ISBN: | 7-5115-6343-0 | |
| 000 | 00586nam0 2200205 450 | |
| 001 | 2540676742 | |
| 005 | 20250328112013.83 | |
| 010 | @a7-5115-6343-0@dCNY38.00 | |
| 100 | @a20250328d2020 km y0chiy0120 ea | |
| 101 | 0 | @achi |
| 102 | @aCN@b110000 | |
| 102 | @aCN@b110000 | |
| 200 | 1 | @a中国信心@AZhong Guo Xin Xin@f任仲文编@FRen Zhong Wen Bian |
| 210 | @a北京@c人民日报出版社@d2020.03 | |
| 215 | @a239页@d20cm | |
| 606 | 0 | @a政治@x中国 |
| 690 | @aD602-53@v4 | |
| 701 | 0 | @a任仲文@ARen Zhong Wen@4编 |
| 801 | 0 | @aCN@b大连网信软件有限公司图书馆·11@c20250328 |
| 905 | @aZUCC@dD602-53@e184 | |
| 中国信心/任仲文编.-北京:人民日报出版社,2020.03 |
| 239页;20cm |
| ISBN 7-5115-6343-0:CNY38.00 |
| ● |
| 相关链接 |
|
|
|
|
正题名:中国信心
索取号:D602-53/184
 
预约/预借
| 序号 | 登录号 | 条形码 | 馆藏地/架位号 | 状态 | 备注 |
| 1 | 1439929 | 214399293 | 第一样本阅览室/ [索取号:D602-53/184] | 在馆 | |
| 2 | 1439930 | 214399300 | 第一借阅区/ [索取号:D602-53/184] | 在馆 | |
| 3 | 1439931 | 214399319 | 第一借阅区/ [索取号:D602-53/184] | 在馆 | |
| 4 | 1439932 | 214399328 | 第一借阅区/ [索取号:D602-53/184] | 在馆 | |
| 5 | 1439933 | 214399337 | 第一借阅区/ [索取号:D602-53/184] | 在馆 | |
| 6 | 1439934 | 214399346 | 第一借阅区/ [索取号:D602-53/184] | 在馆 | |
| 7 | 1439935 | 214399355 | 第一借阅区/ [索取号:D602-53/184] | 在馆 | |
| 8 | 1439936 | 214399364 | 第一借阅区/ [索取号:D602-53/184] | 在馆 | |
| 9 | 1439937 | 214399373 | 第一借阅区/ [索取号:D602-53/184] | 在馆 |